[Event "Russian Championship B13 1st league 2016"]
[Site "Loo"]
[Date "2016.04.28"]
[Round "9.10"]
[White "Zhukov, Anton"]
[Black "Stepochkin, Fedor"]
[Result "1-0"]
[WhiteElo "1767"]
[BlackElo "1649"]
[PlyCount "101"]
[EventDate "2016.04.20"]

1. d4 Nf6 2. c4 b6 3. Nf3 e6 4. g3 Bb7 5. Bg2 Be7 6. O-O O-O 7. Nc3 d6 8. Qc2
c5 9. Rd1 Nbd7 10. e4 d5 11. exd5 exd5 12. cxd5 Nxd5 13. Nxd5 Bxd5 14. dxc5 Bc6
15. Ng5 Bxg5 16. Bxc6 Rc8 17. Bxd7 Rxc5 18. Bxg5 Qxg5 19. Qd2 Qg6 20. Rac1 Ra5
21. Qd6 Qxd6 22. Rxd6 Rxa2 23. b4 g6 24. b5 Rb2 25. Rd5 Ra2 26. Rc8 a6 27. bxa6
Rxa6 28. Rb5 Rxc8 29. Bxc8 Ra8 30. Bb7 Rb8 31. Rxb6 Kg7 32. Rb3 h6 33. Bd5 Rxb3
34. Bxb3 g5 35. Kg2 Kg6 36. f4 f6 37. Kf3 h5 38. h3 h4 39. g4 Kh6 40. f5 Kg7
41. Ke4 Kf8 42. Kd5 Ke7 43. Ba4 Kf7 44. Kd6 Kf8 45. Ke6 Kg7 46. Ke7 Kh7 47.
Kxf6 Kg8 48. Ke7 Kg7 49. f6+ Kg8 50. f7+ Kh7 51. Bc2+ 1-0

[Event "Russian Championship B13 1st league 2016"]
[Site "Loo"]
[Date "2016.04.28"]
[Round "9.11"]
[White "Shoshin, Kirill"]
[Black "Darmogray, Makar"]
[Result "1-0"]
[WhiteElo "1746"]
[BlackElo "1634"]
[PlyCount "99"]
[EventDate "2016.04.20"]

1. d4 Nf6 2. Nc3 d5 3. Bg5 Bf5 4. e3 e6 5. Bd3 Bg6 6. Bxg6 hxg6 7. e4 dxe4 8.
Nxe4 Be7 9. Bxf6 Bxf6 10. Nf3 Nd7 11. c3 e5 12. dxe5 Nxe5 13. Qa4+ Qd7 14.
Nxf6+ gxf6 15. Qxd7+ Nxd7 16. O-O-O O-O-O 17. Rhe1 Ne5 18. Rxd8+ Kxd8 19. Nxe5
fxe5 20. h3 Re8 21. Kc2 Re6 22. Re4 Kd7 23. Ra4 a6 24. Rb4 b6 25. Ra4 a5 26.
Rh4 Rd6 27. Re4 Re6 28. Re3 f5 29. f3 Ke7 30. c4 Kf6 31. g3 Rd6 32. Rd3 Rxd3
33. Kxd3 c6 34. h4 Ke6 35. a4 c5 36. Ke3 Kf6 37. g4 Ke6 38. Kf2 Kf6 39. Kg3 Ke6
40. h5 Kf6 41. Kh4 e4 42. fxe4 fxg4 43. hxg6 Kxg6 44. Kxg4 Kf6 45. Kf4 Ke6 46.
e5 Kf7 47. Kf5 Ke7 48. e6 Ke8 49. Ke5 Ke7 50. Kd5 1-0

[Event "Russian Championship B13 1st league 2016"]
[Site "Loo"]
[Date "2016.04.28"]
[Round "9.13"]
[White "Ivanov, Ilya"]
[Black "Kryukov, Alexey"]
[Result "0-1"]
[WhiteElo "1498"]
[BlackElo "1617"]
[PlyCount "106"]
[EventDate "2016.04.20"]

1. d4 Nf6 2. c4 e6 3. Nc3 Bb4 4. a3 Bxc3+ 5. bxc3 c5 6. e3 O-O 7. Nf3 b6 8. Be2
Bb7 9. O-O d5 10. Ne5 Ne4 11. Bb2 f6 12. Nf3 Nd7 13. Nd2 Nxd2 14. Qxd2 Rc8 15.
cxd5 exd5 16. Bf3 Qe7 17. Rfd1 Rfd8 18. a4 Nf8 19. Ba3 Ne6 20. Qa2 Ng5 21. dxc5
Nxf3+ 22. gxf3 bxc5 23. e4 Qe6 24. Rab1 Rd7 25. Rb5 c4 26. Qd2 Rcd8 27. Qb2 Bc6
28. Rb8 Qe5 29. Rxd8+ Rxd8 30. Qd2 Bxa4 31. Ra1 Rd7 32. Bc5 dxe4 33. Bd4 exf3
34. Rxa4 Qf5 35. Qd1 Qg4+ 36. Kf1 Re7 37. Be3 Qg2+ 38. Ke1 Rxe3+ 39. fxe3 f2+
40. Kd2 f1=Q+ 41. Kc1 Qxd1+ 42. Kxd1 Qxh2 43. Rxa7 Qg1+ 44. Ke2 Qc1 45. Rc7
Qxc3 46. Rc8+ Kf7 47. Rc7+ Kg6 48. Rc8 Qc2+ 49. Ke1 c3 50. Rc7 Qc1+ 51. Ke2
Qd2+ 52. Kf3 c2 53. Kf4 Qh2+ 0-1

[Event "Russian Championship B13 1st league 2016"]
[Site "Loo"]
[Date "2016.04.28"]
[Round "9.14"]
[White "Kitaev, Roman"]
[Black "Babayan, Arman"]
[Result "1-0"]
[WhiteElo "1744"]
[BlackElo "1513"]
[PlyCount "57"]
[EventDate "2016.04.20"]

1. e4 d6 2. d4 Nf6 3. Nc3 g6 4. g3 Bg7 5. Bg2 O-O 6. Nge2 Nbd7 7. O-O Re8 8. h3
e5 9. Be3 b6 10. g4 Kf8 11. Qd2 Bb7 12. Ng3 a6 13. a4 exd4 14. Bxd4 Rb8 15. f4
Nc5 16. g5 Nfd7 17. Bxg7+ Kxg7 18. b4 Ne6 19. Rad1 f6 20. gxf6+ Nxf6 21. e5
dxe5 22. fxe5 Ng8 23. Qf2 Qe7 24. Bxb7 Rxb7 25. Qg2 Qxb4 26. Qxb7 Qxc3 27. Qf3
Qxe5 28. Rd5 Qf6 29. Rd7+ 1-0

[Event "Russian Championship B13 1st league 2016"]
[Site "Loo"]
[Date "2016.04.28"]
[Round "9.15"]
[White "Kovalev, Kirill"]
[Black "Yastrebov, Nikita"]
[Result "1-0"]
[WhiteElo "1597"]
[BlackElo "1725"]
[PlyCount "119"]
[EventDate "2016.04.20"]

1. e4 c5 2. Nf3 d6 3. d4 cxd4 4. Nxd4 Nf6 5. Nc3 a6 6. Be3 e6 7. Be2 Be7 8. O-O
b5 9. a3 Bb7 10. f3 Nbd7 11. Nb3 O-O 12. Kh1 Rc8 13. Qd2 d5 14. exd5 Nxd5 15.
Nxd5 Bxd5 16. Rfd1 Qc7 17. Rac1 Bd6 18. h3 Qb7 19. Na5 Qa8 20. c4 bxc4 21. Nxc4
Be7 22. b4 Rfd8 23. Qe1 Rc6 24. Na5 Rcc8 25. Qf1 Nb8 26. Bb6 Rf8 27. Bd4 Bg5
28. Rc3 Rxc3 29. Bxc3 Rc8 30. Bd2 Bf6 31. Rc1 Rxc1 32. Qxc1 Nc6 33. Nxc6 Bxc6
34. Bc3 Bxc3 35. Qxc3 Bb5 36. Bd1 Qd8 37. Bc2 Qd7 38. a4 Bc6 39. Qd3 g6 40.
Qxd7 Bxd7 41. Bd3 Bc8 42. Be4 Kf8 43. b5 axb5 44. axb5 f5 45. Ba8 f4 46. b6 g5
47. b7 Bxb7 48. Bxb7 h5 49. Kg1 h4 50. Kf2 Ke7 51. Ke2 Kd6 52. Kd3 Ke5 53. Be4
Kd6 54. Kd4 Kd7 55. Ke5 Ke7 56. Bd3 Kf7 57. Bc4 Kg6 58. Kxe6 Kg7 59. Kf5 Kh6
60. Bf7 1-0

[Event "Russian Championship B13 1st league 2016"]
[Site "Loo"]
[Date "2016.04.28"]
[Round "9.16"]
[White "Zakirov, Artur"]
[Black "Trofimov, Ivan"]
[Result "0-1"]
[WhiteElo "1725"]
[BlackElo "1597"]
[PlyCount "118"]
[EventDate "2016.04.20"]

1. e4 c5 2. Nf3 Nc6 3. Bb5 g6 4. O-O Bg7 5. Re1 Nh6 6. c3 O-O 7. d4 cxd4 8.
cxd4 Qa5 9. Nc3 d6 10. h3 f6 11. Bd2 Nf7 12. Qc2 Bd7 13. d5 Nb4 14. Qb3 Bxb5
15. Nxb5 Qxb5 16. Bxb4 Rfc8 17. Rac1 Bh6 18. Bd2 Qxb3 19. axb3 Bxd2 20. Nxd2
Ne5 21. Rc3 Rc5 22. f4 Rxc3 23. bxc3 Nd3 24. Rf1 Rc8 25. c4 a5 26. g3 b6 27.
Rf3 Nc5 28. Kf2 Kf7 29. e5 Kg7 30. exd6 exd6 31. Re3 Kf7 32. Ne4 Nxe4+ 33. Rxe4
Re8 34. Ke3 f5 35. Rxe8 Kxe8 36. Kd4 Kd7 37. Kc3 Kc7 38. Kb2 b5 39. cxb5 Kb6
40. g4 Kxb5 41. Ka3 h6 42. gxf5 gxf5 43. h4 h5 44. Ka2 a4 45. Ka3 axb3 46. Kxb3
Kc5 47. Kc3 Kxd5 48. Kd3 Kc5 49. Kc3 d5 50. Kd3 d4 51. Kd2 Kc4 52. Kd1 Kd3 53.
Ke1 Kc2 54. Kf2 d3 55. Kg2 d2 56. Kg3 d1=Q 57. Kh2 Qg4 58. Kh1 Kd2 59. Kh2 Ke2
0-1

[Event "Russian Championship B13 1st league 2016"]
[Site "Loo"]
[Date "2016.04.28"]
[Round "9.17"]
[White "Mizirenkov, Stepan Dmitriev"]
[Black "Zhuravlev, Aleksandr"]
[Result "1/2-1/2"]
[WhiteElo "1567"]
[BlackElo "1695"]
[PlyCount "84"]
[EventDate "2016.04.20"]

1. d4 c5 2. dxc5 e6 3. e3 Bxc5 4. Nf3 Nf6 5. b3 O-O 6. Bd3 Nc6 7. Bb2 d5 8. O-O
Qe7 9. Ne5 Bd6 10. Ng4 Nxg4 11. Qxg4 Ne5 12. Bxe5 Bxe5 13. Bxh7+ Kxh7 14. Qh5+
Kg8 15. Qxe5 Bd7 16. Nd2 Rac8 17. c4 f6 18. Qg3 dxc4 19. Nxc4 e5 20. Rfd1 Be6
21. Nd2 Rc2 22. Nf3 Rfc8 23. h3 Qa3 24. Kh2 Rxa2 25. Rxa2 Qxa2 26. b4 Qc4 27.
Rd6 Re8 28. Qh4 Qxh4 29. Nxh4 Kf7 30. Nf3 Rc8 31. Nd2 Rc2 32. Ne4 b6 33. Rd1
Rb2 34. Ra1 Rxb4 35. Rxa7+ Kg6 36. Nd6 Rb2 37. Kg3 b5 38. Re7 Bd5 39. e4 Bc6
40. Rc7 Rc2 41. f3 Bxe4 42. Nxb5 Rxc7 1/2-1/2

[Event "Russian Championship B13 1st league 2016"]
[Site "Loo"]
[Date "2016.04.28"]
[Round "9.18"]
[White "Zhukov, Ivan"]
[Black "Zuev, Aleksandr"]
[Result "1-0"]
[WhiteElo "1667"]
[BlackElo "1563"]
[PlyCount "151"]
[EventDate "2016.04.20"]

1. e4 c5 2. Nf3 Nc6 3. d4 cxd4 4. Nxd4 e5 5. Nb5 a6 6. Nd6+ Bxd6 7. Qxd6 Qe7 8.
Qd1 Nf6 9. Nc3 h6 10. Be3 O-O 11. Be2 d6 12. O-O Qc7 13. f3 Ne7 14. a4 b6 15.
Nd5 Nexd5 16. exd5 Bb7 17. c4 a5 18. Qe1 Ba6 19. b3 Rab8 20. Rd1 Qe7 21. Qf2
Nh5 22. g3 Qc7 23. Bd3 f5 24. Qg2 Qf7 25. Bc1 Bc8 26. Bb1 Qe8 27. Kh1 Bd7 28.
Rde1 Qf7 29. Ba3 Qf6 30. Bb2 Qf7 31. Bc2 Nf6 32. Ba3 Qe7 33. Re2 Ne8 34. Ref2
Qf6 35. Bc1 Rd8 36. g4 f4 37. Rg1 Qg5 38. Rff1 Kh8 39. Ba3 Kg8 40. Bb1 Kh8 41.
Qc2 Kg8 42. Qf2 Rb8 43. h4 Qe7 44. g5 h5 45. Bg6 Bf5 46. Bxh5 e4 47. fxe4 Qxe4+
48. Qf3 Qc2 49. Rf2 Qe4 50. Qxe4 Bxe4+ 51. Bf3 Bxf3+ 52. Rxf3 Rd8 53. Rgf1 Nc7
54. Rxf4 Rfe8 55. Rf7 Re3 56. Rxc7 Rxb3 57. Bc1 Re8 58. Kg2 Re2+ 59. Rf2 Re4
60. h5 Rg4+ 61. Kf1 Rb1 62. Rc8+ Kh7 63. g6+ Rxg6 64. hxg6+ Kxg6 65. Rc2 Rb4
66. Ba3 Rxa4 67. Bxd6 Ra1+ 68. Ke2 a4 69. Ra8 Kf5 70. Bb4 g5 71. d6 g4 72. d7
g3 73. Rg8 g2 74. Rxg2 b5 75. d8=Q bxc4 76. Qd5+ 1-0

[Event "Russian Championship B13 1st league 2016"]
[Site "Loo"]
[Date "2016.04.28"]
[Round "9.19"]
[White "Boktaev, Adyan"]
[Black "Zakaryaev, Murad"]
[Result "1/2-1/2"]
[WhiteElo "1657"]
[BlackElo "1506"]
[PlyCount "92"]
[EventDate "2016.04.20"]

1. e4 c5 2. c3 d5 3. e5 Nc6 4. d4 cxd4 5. cxd4 e6 6. Nc3 Nge7 7. f4 Nf5 8. Nf3
Bb4 9. Bb5 Qa5 10. Bxc6+ bxc6 11. Bd2 Ba6 12. a3 Bxc3 13. Bxc3 Qb5 14. Qd2 O-O
15. g4 Ne7 16. h4 Qd3 17. Qxd3 Bxd3 18. h5 h6 19. Rc1 a5 20. Kf2 Be4 21. Rh3
Nc8 22. Rg1 Nb6 23. g5 Kh8 24. Nd2 Bf5 25. Rhg3 Na4 26. b3 Nxc3 27. Rxc3 Ra6
28. Rgc1 Rc8 29. Kg3 Kh7 30. a4 Rb6 31. Rc5 Rb4 32. Rxa5 Rxd4 33. Nf3 Rd3 34.
b4 Be4 35. Rf1 Rb3 36. b5 cxb5 37. Rxb5 Rxb5 38. axb5 Rb8 39. Nd4 Rc8 40. Rf2
Rc1 41. Rb2 Rg1+ 42. Kh2 Rh1+ 43. Kg3 Rg1+ 44. Kh3 Rh1+ 45. Kg3 Rg1+ 46. Kh3
Rh1+ 1/2-1/2

[Event "Russian Championship B13 1st league 2016"]
[Site "Loo"]
[Date "2016.04.28"]
[Round "9.20"]
[White "Shakirov, Marat"]
[Black "Melnikov, Vyacheslav"]
[Result "0-1"]
[WhiteElo "1648"]
[BlackElo "1491"]
[PlyCount "102"]
[EventDate "2016.04.20"]

1. d4 Nf6 2. c4 g6 3. Nc3 d5 4. cxd5 Nxd5 5. e4 Nxc3 6. bxc3 Bg7 7. Nf3 c5 8.
Bc4 O-O 9. O-O Nc6 10. Be3 Bg4 11. Rb1 Qd7 12. dxc5 Qxd1 13. Rfxd1 Bxc3 14. Be2
Rab8 15. h3 Be6 16. a3 Ba2 17. Rbc1 Ba5 18. Bc4 Bxc4 19. Rxc4 Rfd8 20. Rb1 Bc7
21. Nd4 Nxd4 22. Rxd4 Rxd4 23. Bxd4 e5 24. Be3 f5 25. exf5 gxf5 26. f3 Kf7 27.
g4 f4 28. Bf2 Ke6 29. Kf1 Kd7 30. Ke2 Kc6 31. Rd1 Rd8 32. Rxd8 Bxd8 33. Kd3 Kd5
34. h4 h6 35. a4 a6 36. Kc3 e4 37. fxe4+ Kxe4 38. Bd4 Bxh4 39. Kc4 f3 40. c6
bxc6 41. Kc5 f2 42. Bxf2 Bxf2+ 43. Kxc6 Kf4 44. a5 Kxg4 45. Kb7 h5 46. Kxa6 h4
47. Kb7 h3 48. a6 h2 49. a7 h1=Q+ 50. Kb8 Qb1+ 51. Ka8 Bxa7 0-1

[Event "Russian Championship B13 1st league 2016"]
[Site "Loo"]
[Date "2016.04.28"]
[Round "9.21"]
[White "Anchikov, Vladimir"]
[Black "Brazhnikov, Dmitri"]
[Result "1-0"]
[WhiteElo "1619"]
[BlackElo "1359"]
[PlyCount "107"]
[EventDate "2016.04.20"]

1. e4 c5 2. Nf3 e6 3. d4 cxd4 4. Nxd4 Nc6 5. c4 Nf6 6. Nc3 Bb4 7. Nxc6 bxc6 8.
e5 Ng8 9. Qg4 g6 10. Bd2 f6 11. exf6 Nxf6 12. Qd4 O-O 13. O-O-O Qb6 14. Qh4 d5
15. cxd5 cxd5 16. Bd3 Bd7 17. Bc2 d4 18. Ne4 Bxd2+ 19. Rxd2 e5 20. Nxf6+ Qxf6
21. Qxf6 Rxf6 22. Re1 Re8 23. f3 Kf8 24. Rde2 Rfe6 25. Bd3 Rc6+ 26. Kd2 Rce6
27. b3 R6e7 28. h4 Bf5 29. Bb5 Rc8 30. Bc4 Rc5 31. g4 Bd7 32. Kd3 Bb5 33. Bxb5
Rxb5 34. f4 Rf7 35. fxe5 Rf4 36. Re4 Rf2 37. R1e2 Rxe2 38. Rxe2 Ke7 39. e6 Rb6
40. Re4 Rd6 41. Rxd4 Ra6 42. Ra4 Rxa4 43. bxa4 Kxe6 44. Ke4 h5 45. gxh5 gxh5
46. Kf4 Kf6 47. a5 a6 48. a3 Kg6 49. Ke5 Kh6 50. Kf6 Kh7 51. Kg5 Kg7 52. Kxh5
Kh7 53. Kg5 Kg7 54. Kf5 1-0

[Event "Russian Championship B13 1st league 2016"]
[Site "Loo"]
[Date "2016.04.28"]
[Round "9.22"]
[White "Bokov, Egor"]
[Black "Zyryanov, Konstantin"]
[Result "1-0"]
[WhiteElo "1615"]
[BlackElo "1414"]
[PlyCount "69"]
[EventDate "2016.04.20"]

1. d4 d5 2. c4 c6 3. Nc3 Nf6 4. Nf3 a6 5. c5 Nbd7 6. Bf4 Nh5 7. Bd2 Nhf6 8. e3
Qc7 9. Bd3 e5 10. Bc2 Be7 11. O-O O-O 12. h3 Re8 13. Nh2 exd4 14. exd4 Nf8 15.
Re1 Ne6 16. Nf3 Bf8 17. Ng5 h6 18. Nxe6 Rxe6 19. Qf3 Bd7 20. Rxe6 Bxe6 21. Bxh6
gxh6 22. Qxf6 Bg7 23. Qh4 Kh8 24. Ne2 Rg8 25. Ng3 Qd7 26. Kh1 f5 27. Re1 Qf7
28. Nh5 Qg6 29. Nf4 Qf7 30. Rxe6 Re8 31. Rxe8+ Qxe8 32. Bxf5 Qf7 33. Qd8+ Bf8
34. Ng6+ Kg7 35. Qxf8+ 1-0

[Event "Russian Championship B13 1st league 2016"]
[Site "Loo"]
[Date "2016.04.28"]
[Round "9.23"]
[White "Polyakov, Anton"]
[Black "Agabekov, Saveliy"]
[Result "1/2-1/2"]
[WhiteElo "1799"]
[BlackElo "1567"]
[PlyCount "75"]
[EventDate "2016.04.20"]

1. e4 c5 2. d4 cxd4 3. c3 dxc3 4. Nxc3 d6 5. Bc4 e6 6. Nf3 Nc6 7. O-O Nf6 8.
Qe2 Be7 9. Rd1 e5 10. Be3 Bg4 11. h3 Bh5 12. Rac1 a6 13. Na4 O-O 14. Nb6 Rb8
15. Bd5 Nxd5 16. Nxd5 f5 17. Bb6 Qe8 18. exf5 Bxf3 19. Qxf3 Qd7 20. Qb3 Kh8 21.
Bc7 Rbe8 22. Qxb7 Nd4 23. Qxa6 Qxf5 24. Qf1 Bh4 25. Rd2 Nf3+ 26. gxf3 Qg5+ 27.
Kh2 Qxd2 28. Rd1 Qxb2 29. Qg2 Qxf2 30. Qxf2 Bxf2 31. Bxd6 Rxf3 32. Kg2 Rf7 33.
Nc7 Rd8 34. Ne6 Re8 35. Nc7 Rd8 36. Ne6 Re8 37. Nc7 Rd8 38. Ne6 1/2-1/2

[Event "Russian Championship B13 1st league 2016"]
[Site "Loo"]
[Date "2016.04.28"]
[Round "9.24"]
[White "Amirov, Ramil"]
[Black "Sobashnikov, Ivan"]
[Result "0-1"]
[WhiteElo "1773"]
[BlackElo "1525"]
[PlyCount "94"]
[EventDate "2016.04.20"]

1. e4 c6 2. d4 d5 3. e5 Na6 4. f4 Nc7 5. Bd3 h5 6. Nf3 g6 7. c3 Nh6 8. O-O Bf5
9. Nh4 Qd7 10. b4 Bxd3 11. Qxd3 Nf5 12. Nf3 Bh6 13. a4 Ne6 14. g3 Bg7 15. Be3
Nc7 16. Nbd2 h4 17. Kf2 hxg3+ 18. hxg3 Rh3 19. Rg1 O-O-O 20. Nb3 Rdh8 21. Nc5
Qe8 22. Rg2 e6 23. Rb1 b6 24. Na6 Rh1 25. Nxc7 Kxc7 26. Rb2 Ra1 27. Qa6 Kb8 28.
Rg1 Rxg1 29. Kxg1 Nxe3 30. a5 b5 31. Ng5 Bh6 32. Nf3 Nc4 33. Rh2 Bg7 34. Rxh8
Bxh8 35. g4 f6 36. g5 fxe5 37. fxe5 Bg7 38. Kg2 Bf8 39. Kg3 Be7 40. Kf4 Qf8+
41. Kg3 Qe8 42. Kf4 Nb2 43. Ke3 Nd1+ 44. Kd2 Nf2 45. Ke3 Ne4 46. Kd3 Nxg5 47.
Nxg5 Bxg5 0-1

[Event "Russian Championship B13 1st league 2016"]
[Site "Loo"]
[Date "2016.04.28"]
[Round "9.25"]
[White "Zaspanov, Konstantin"]
[Black "Levkin, Lev"]
[Result "0-1"]
[WhiteElo "1527"]
[BlackElo "1753"]
[PlyCount "156"]
[EventDate "2016.04.20"]

1. e4 c5 2. c3 d5 3. exd5 Qxd5 4. d4 cxd4 5. cxd4 e6 6. Nf3 Nc6 7. Be2 Be7 8.
Nc3 Qd8 9. O-O Nf6 10. Bf4 O-O 11. h3 b6 12. Bd3 Bb7 13. a3 a6 14. Bc2 b5 15.
Rc1 Qd7 16. Ne4 Nxd4 17. Nxd4 Bxe4 18. Bxe4 Nxe4 19. Rc7 Qe8 20. Nc6 Bd8 21.
Nxd8 Rxd8 22. Qc2 Nf6 23. Rc1 Nd5 24. Bg3 Nxc7 25. Bxc7 Rc8 26. Qd2 Qe7 27. Bf4
Qb7 28. Rd1 Qc6 29. Qe1 h6 30. Rd3 Qc4 31. Qe3 Qc5 32. Qg3 Qh5 33. Qe3 Rc4 34.
b3 Rc6 35. Qd4 Rfc8 36. Rg3 g6 37. Rg4 Kh7 38. Be3 Qd5 39. Qf4 Qd1+ 40. Kh2 Qd6
41. a4 Qxf4+ 42. Rxf4 f5 43. axb5 axb5 44. Rd4 g5 45. g3 R8c7 46. Rb4 Rb7 47.
h4 Kg6 48. Rd4 Kf6 49. Rd8 gxh4 50. gxh4 Kg6 51. Rh8 Rh7 52. Rb8 Kh5 53. Rxb5
Kxh4 54. Re5 h5 55. b4 Kg4 56. b5 Rd6 57. Kg2 h4 58. Rc5 h3+ 59. Kh2 Rg7 60.
Rc4+ Kf3 61. Rf4+ Ke2 62. Kxh3 Rd1 63. Kh2 Rgg1 64. Rd4 Rxd4 65. Bxd4 Rb1 66.
b6 Kd3 67. Bc5 Rb5 68. Be3 e5 69. Kg2 f4 70. Bc1 Rxb6 71. Kf3 Rb3 72. Kg4 Kc2
73. Bxf4 exf4 74. Kxf4 Kd3 75. Kf5 Rb5+ 76. Kg4 Ke4 77. f3+ Ke3 78. f4 Rb4 0-1

[Event "Russian Championship B13 1st league 2016"]
[Site "Loo"]
[Date "2016.04.28"]
[Round "9.26"]
[White "Kleimenov, Ivan"]
[Black "Efanov, Aleksey"]
[Result "0-1"]
[WhiteElo "1576"]
[BlackElo "1693"]
[PlyCount "72"]
[EventDate "2016.04.20"]

1. e4 e5 2. Nf3 Nc6 3. Nc3 Nf6 4. Bb5 Bb4 5. d3 d6 6. O-O Bxc3 7. bxc3 O-O 8.
Bg5 a6 9. Bxc6 bxc6 10. h3 Re8 11. c4 c5 12. Nd2 h6 13. Bxf6 Qxf6 14. Kh1 Bd7
15. c3 Bc6 16. Qf3 Qxf3 17. Nxf3 Rab8 18. Rab1 Ba4 19. Rxb8 Rxb8 20. d4 cxd4
21. cxd4 exd4 22. Nxd4 Rb2 23. f4 Rxa2 24. e5 dxe5 25. fxe5 c5 26. Nf5 Re2 27.
Nd6 Rxe5 28. Rxf7 Re6 29. Rf5 Rxd6 30. Rxc5 Rc6 31. Ra5 Bb3 32. c5 Kf7 33. Ra3
Bc4 34. Rf3+ Ke6 35. Re3+ Kd7 36. Re5 a5 0-1

[Event "Russian Championship B13 1st league 2016"]
[Site "Loo"]
[Date "2016.04.28"]
[Round "9.27"]
[White "Burdin, Shahrom"]
[Black "Koptev, Ruslan"]
[Result "0-1"]
[WhiteElo "1514"]
[BlackElo "1691"]
[PlyCount "52"]
[EventDate "2016.04.20"]

1. e4 g6 2. d4 Bg7 3. c4 d6 4. Nc3 Nf6 5. Nf3 O-O 6. Bd3 Bg4 7. Be3 Nc6 8. h3
Bxf3 9. Qxf3 e5 10. d5 Nd4 11. Ne2 Nxf3+ 12. gxf3 Nh5 13. Ng3 Nf4 14. Bxf4 exf4
15. Ne2 Bxb2 16. Rb1 Be5 17. Rxb7 Rb8 18. Rxa7 Rb2 19. Ra5 c6 20. Ra3 cxd5 21.
cxd5 Qb6 22. Kf1 Rc8 23. Ra6 Qb4 24. Kg2 Qd2 25. Rc6 Rxc6 26. dxc6 Qxd3 0-1

[Event "Russian Championship B13 1st league 2016"]
[Site "Loo"]
[Date "2016.04.28"]
[Round "9.28"]
[White "Tsukhaev, Musa"]
[Black "Zhuravlev, Ignat"]
[Result "1-0"]
[WhiteElo "1518"]
[BlackElo "1645"]
[PlyCount "87"]
[EventDate "2016.04.20"]

1. e4 e5 2. Nf3 Nc6 3. Bc4 Bc5 4. d4 exd4 5. Ng5 Nh6 6. Nxf7 Nxf7 7. Bxf7+ Kxf7
8. Qh5+ g6 9. Qxc5 d6 10. Qb5 Re8 11. Nd2 d5 12. f3 Rb8 13. O-O dxe4 14. Nxe4
Bf5 15. Bg5 Qc8 16. Rae1 Kg7 17. Bf6+ Kg8 18. Ng5 Be6 19. Rxe6 Rxe6 20. Qc4 b5
21. Qxe6+ Qxe6 22. Nxe6 Kf7 23. Nc5 Kxf6 24. Nd7+ Kf7 25. Nxb8 Nxb8 26. Kf2 Nd7
27. Rd1 Nf6 28. Rxd4 Ke7 29. Rd1 c6 30. Ke3 a5 31. Kd4 Kd6 32. c4 b4 33. c5+
Ke6 34. Re1+ Kd7 35. Ke5 Nd5 36. Rd1 Ke7 37. Rxd5 cxd5 38. Kxd5 Kd7 39. c6+ Kc7
40. Kc5 h6 41. Kb5 g5 42. Kxa5 Kxc6 43. Kxb4 h5 44. a4 1-0

[Event "Russian Championship B13 1st league 2016"]
[Site "Loo"]
[Date "2016.04.28"]
[Round "9.29"]
[White "Smirnov, Mark A"]
[Black "Yashin, Vladimir"]
[Result "1/2-1/2"]
[WhiteElo "1637"]
[BlackElo "1454"]
[PlyCount "104"]
[EventDate "2016.04.20"]

1. d4 d5 2. c4 c6 3. Nc3 Nf6 4. Nf3 e6 5. Bg5 Be7 6. e3 Nbd7 7. Bd3 b6 8. O-O
O-O 9. Qc2 h6 10. Bh4 Bb7 11. Rac1 c5 12. Rfd1 Rc8 13. b3 a6 14. Qb1 Re8 15. h3
Qc7 16. Bg3 Bd6 17. Bxd6 Qxd6 18. e4 dxe4 19. Nxe4 Bxe4 20. Bxe4 cxd4 21. Rxd4
Qc7 22. Rcd1 Nc5 23. Bc2 e5 24. R4d2 e4 25. Nd4 Qf4 26. Ne2 Qc7 27. Nd4 Rcd8
28. Nf5 Rxd2 29. Rxd2 Rd8 30. Rxd8+ Qxd8 31. g4 Qd2 32. Qd1 Qxd1+ 33. Bxd1 Nd3
34. Bc2 Nc1 35. Nd6 Nxa2 36. Bxe4 Nc3 37. Bd3 g6 38. f4 Nd7 39. Kf2 Nc5 40. Bc2
Na2 41. Ke3 Nb4 42. Bd1 Kf8 43. h4 Nd7 44. Kd4 Ke7 45. Ne4 Ke6 46. h5 gxh5 47.
g5 hxg5 48. Nxg5+ Ke7 49. Bxh5 f6 50. Ne4 Nf8 51. f5 Nd7 52. Nc3 Nc6+ 1/2-1/2

[Event "Russian Championship B13 1st league 2016"]
[Site "Loo"]
[Date "2016.04.28"]
[Round "9.30"]
[White "Aslanyan, Razmik"]
[Black "Shalimo, Eugene"]
[Result "1-0"]
[WhiteElo "1630"]
[BlackElo "1445"]
[PlyCount "51"]
[EventDate "2016.04.20"]

1. d4 d5 2. c3 g6 3. Nf3 Bg7 4. e3 Nh6 5. Bd3 O-O 6. Nbd2 f6 7. O-O Nf7 8. e4
c6 9. Qb3 Bg4 10. Re1 Bxf3 11. Nxf3 dxe4 12. Rxe4 Kh8 13. Qe6 Nd6 14. Rh4 Qe8
15. Bf4 h5 16. Re1 g5 17. Bxd6 Bh6 18. Qf5 Qf7 19. Rxe7 gxh4 20. Rxf7 Rxf7 21.
Qxh5 Rg7 22. Qxh6+ Kg8 23. Bc4+ Rf7 24. Qf8+ Kh7 25. Qxf7+ Kh8 26. Qg8# 1-0

[Event "Russian Championship B13 1st league 2016"]
[Site "Loo"]
[Date "2016.04.28"]
[Round "9.31"]
[White "Dunaev, Denis"]
[Black "Yadigarov, Aivaz"]
[Result "1/2-1/2"]
[WhiteElo "1628"]
[BlackElo "1441"]
[PlyCount "117"]
[EventDate "2016.04.20"]

1. d4 Nf6 2. Nf3 g6 3. g3 d6 4. Bg2 Bg7 5. O-O O-O 6. c4 Nc6 7. Nc3 a6 8. e3
Bd7 9. b3 Rb8 10. a4 a5 11. Ba3 Nb4 12. Bxb4 axb4 13. Na2 c5 14. Rc1 Bf5 15.
Nh4 Be4 16. d5 g5 17. Bxe4 Nxe4 18. Ng2 f5 19. f3 Nf6 20. Qd3 Qd7 21. Rce1 Rbe8
22. Nc1 e5 23. e4 f4 24. g4 Kf7 25. Kf2 Rh8 26. Rh1 h5 27. h3 h4 28. Ne2 Bh6
29. Ra1 Qc7 30. Rhg1 Rhg8 31. Ra2 Ra8 32. Rga1 b6 33. Rg1 Rae8 34. Rga1 Ra8 35.
Qc2 Rg7 36. a5 bxa5 37. Ra4 Rgg8 38. Qa2 Rgd8 39. Rxa5 Rxa5 40. Qxa5 Qxa5 41.
Rxa5 Rd7 42. Nc1 Bf8 43. Nd3 Rb7 44. Ra6 Ke7 45. Nge1 Nd7 46. Nb2 Nb6 47. Ned3
Kd7 48. Na4 Nxa4 49. Rxa4 Be7 50. Ke2 Kc7 51. Kd2 Kb8 52. Kc2 Ra7 53. Nb2 Rxa4
54. Nxa4 Kb7 55. Kd3 Bf8 56. Kc2 Be7 57. Nb2 Bf6 58. Nd3 Kb6 59. Nb2 1/2-1/2

[Event "Russian Championship B13 1st league 2016"]
[Site "Loo"]
[Date "2016.04.28"]
[Round "9.32"]
[White "Dyatlov, Oleg"]
[Black "Kozlov, Denis"]
[Result "1-0"]
[WhiteElo "1469"]
[BlackElo "1617"]
[PlyCount "113"]
[EventDate "2016.04.20"]

1. c4 c6 2. Nf3 d5 3. b3 Nf6 4. d3 Bf5 5. Nbd2 e6 6. Bb2 Nbd7 7. g3 h6 8. Bg2
Be7 9. O-O O-O 10. a3 a5 11. h3 Re8 12. Kh2 Qb6 13. Nh4 Bh7 14. f4 Bd6 15. d4
c5 16. e3 Bd3 17. Rf2 Ne4 18. Nxe4 dxe4 19. Bf1 Bxf1 20. Rxf1 Qc7 21. d5 Rad8
22. Qg4 Bf8 23. Rad1 Qb6 24. dxe6 Rxe6 25. f5 Nf6 26. Bxf6 Rxf6 27. Qxe4 Rxd1
28. Rxd1 Qxb3 29. Rd8 Rd6 30. Rxd6 Bxd6 31. Qe8+ Bf8 32. e4 Qxc4 33. e5 Qe2+
34. Ng2 Qe4 35. e6 fxe6 36. fxe6 Qf5 37. e7 Qf7 38. exf8=Q+ Qxf8 39. Qxf8+ Kxf8
40. a4 c4 41. Ne3 c3 42. Kg2 Kf7 43. Kf3 Ke6 44. Ke4 g6 45. Kd4 h5 46. Kxc3 h4
47. gxh4 Ke5 48. Nc4+ Kf4 49. Nxa5 Kg3 50. Nxb7 Kxh4 51. a5 Kxh3 52. a6 g5 53.
a7 g4 54. a8=Q g3 55. Qh8+ Kg2 56. Nd6 Kf2 57. Ne4+ 1-0

[Event "Russian Championship B13 1st league 2016"]
[Site "Loo"]
[Date "2016.04.28"]
[Round "9.33"]
[White "Smelykh, Edvin"]
[Black "Abdulaev, Almaz"]
[Result "0-1"]
[WhiteElo "1595"]
[BlackElo "1451"]
[PlyCount "94"]
[EventDate "2016.04.20"]

1. e4 e6 2. d4 d5 3. Nd2 Nc6 4. Ngf3 Nf6 5. e5 Nd7 6. c3 f6 7. exf6 Qxf6 8. Bd3
a5 9. O-O Na7 10. Re1 c5 11. Nf1 cxd4 12. Bg5 Qf7 13. cxd4 Bd6 14. Qc2 Nf6 15.
Ne3 Kf8 16. Bh4 Nc6 17. Ng5 Qh5 18. Nf3 Nxd4 19. Nxd4 Qxh4 20. Nf3 Qh5 21. h3
Bd7 22. Rac1 Qe8 23. Nf5 Bb4 24. Re2 Qd8 25. N5d4 Rc8 26. Qb1 Rxc1+ 27. Qxc1
Qb6 28. Qf4 Kg8 29. Qb8+ Bf8 30. Qe5 Bd6 31. Qg5 h6 32. Qc1 e5 33. Nf5 e4 34.
Nxd6 Qxd6 35. Bb1 exf3 36. Rc2 Kf7 37. Rc7 fxg2 38. Qc2 Re8 39. Qg6+ Kg8 40.
Rc1 Qb4 41. Kxg2 Qxb2 42. Rg1 Qc3 43. f3 Re2+ 44. Kh1 Qxf3+ 45. Rg2 Qf1+ 46.
Kh2 Rxg2+ 47. Qxg2 Qxb1 0-1